[Event "Lichtenberger Sommer"]
[Site "Berlin"]
[Date "2009.08.20"]
[Round "6.1"]
[White "Kalinitschew, Sergey"]
[Black "Sieglen, Joachim"]
[Result "1-0"]
[WhiteElo "2488"]
[BlackElo "2339"]
[PlyCount "79"]
[EventDate "2009.??.??"]
[WhiteTeam "SK Zehlendorf e.V."]
[BlackTeam "SV Marbach"]

1. d4 Nf6 2. c4 c5 3. d5 b5 4. cxb5 a6 5. bxa6 Bxa6 6. Nc3 d6 7. e4 Bxf1 8.
Kxf1 g6 9. h3 Bg7 10. Nge2 O-O 11. Kg1 Na6 12. Kh2 Qb6 13. Rb1 Rfb8 14. Be3 Qa5
15. Qd2 Rb7 16. Rhd1 Ne8 17. b3 Qa3 18. Qc1 Nb4 19. Qxa3 Rxa3 20. Bc1 Ra8 21.
Rd2 Nc7 22. g3 Rf8 23. Kg2 f5 24. f3 fxe4 25. fxe4 Ra8 26. h4 Be5 27. Na4 Kg7
28. Bb2 Bxb2 29. Rbxb2 Rf8 30. Nac3 h6 31. Rb1 Rbb8 32. Rf1 Rxf1 33. Kxf1 g5
34. hxg5 hxg5 35. Kg2 Rf8 36. Nd1 Ra8 37. Nec3 Kf6 38. Ne3 e6 39. Nc4 exd5 40.
exd5 1-0

[Event "Lichtenberger Sommer"]
[Site "Berlin"]
[Date "2009.08.20"]
[Round "6.2"]
[White "Kachibadze, Georg"]
[Black "Von Herman, Ulf"]
[Result "0-1"]
[WhiteElo "2224"]
[BlackElo "2400"]
[PlyCount "98"]
[EventDate "2009.??.??"]
[WhiteTeam "SK König Tegel 1949 e.V."]
[BlackTeam "SK König Tegel 1949 e.V."]

1. e4 e6 2. d4 d5 3. Nc3 Nf6 4. Bg5 dxe4 5. Nxe4 Be7 6. Bxf6 gxf6 7. Nf3 a6 8.
Be2 b5 9. a4 Bb7 10. Qd3 Nd7 11. Ng3 h5 12. Nd2 h4 13. Nh5 c5 14. axb5 axb5 15.
O-O c4 16. Qh3 Nb6 17. Bf3 Qxd4 18. Bxb7 Rxa1 19. Rxa1 Rxh5 20. Ne4 Qxb2 21.
Re1 Qe5 22. Rd1 Kf8 23. Qe3 f5 24. f4 Qc7 25. Qf3 Rh8 26. Ng5 Kg7 27. Kh1 Rd8
28. Re1 Bxg5 29. fxg5 Kg6 30. Qc3 Qe7 31. Qe5 b4 32. Bf3 Qxg5 33. Qc7 Qd2 34.
Rg1 Qd6 35. Qa7 c3 36. g4 hxg3 37. Bh5+ Kh6 38. Qxf7 Qc6+ 39. Rg2 e5 40. Bf3
Qxf3 41. Qf6+ Kh5 42. Qf7+ Kg4 43. Qg6+ Kf4 44. hxg3+ Ke4 45. Qc6+ Rd5 46. Kh2
Qe3 47. g4 Qc5 48. Qb7 Qc8 49. Re2+ Kf3 0-1

[Event "Lichtenberger Sommer"]
[Site "Berlin"]
[Date "2009.08.20"]
[Round "6.3"]
[White "Meißner, Hans-Jürgen"]
[Black "Klundt, Klaus"]
[Result "1/2-1/2"]
[WhiteElo "2213"]
[BlackElo "2333"]
[PlyCount "31"]
[EventDate "2009.??.??"]
[WhiteTeam "SV Empor Berlin e.V."]
[BlackTeam "vereinslos"]

1. d4 d5 2. c4 c6 3. e3 Nf6 4. Nf3 e6 5. Bd3 Nbd7 6. b3 Bd6 7. Bb2 O-O 8. O-O
b6 9. Nc3 Bb7 10. e4 dxe4 11. Nxe4 Nxe4 12. Bxe4 Nf6 13. Bc2 c5 14. dxc5 Bxc5
15. Qe2 Qe7 16. Rad1 1/2-1/2

[Event "Lichtenberger Sommer"]
[Site "Berlin"]
[Date "2009.08.20"]
[Round "6.4"]
[White "Neffe, Axel"]
[Black "Rabiega, Robert"]
[Result "0-1"]
[WhiteElo "2235"]
[BlackElo "2551"]
[PlyCount "46"]
[EventDate "2009.??.??"]
[WhiteTeam "Queer-Springer SSV Berlin"]
[BlackTeam "SK König Tegel 1949 e.V."]

1. e4 e5 2. f4 exf4 3. Bc4 Nf6 4. Nc3 Bb4 5. Nf3 d6 6. O-O O-O 7. d4 Bxc3 8.
bxc3 Nxe4 9. Bxf4 d5 10. Bd3 Bf5 11. c4 dxc4 12. Bxc4 Nd7 13. Qe1 Nb6 14. Bb3
Re8 15. Rd1 Nd5 16. Be5 Nec3 17. Nh4 Be6 18. Rd3 f6 19. Bxf6 gxf6 20. Rxc3 Nxc3
21. Bxe6+ Kh8 22. Nf5 c6 23. Qg3 Ne2+ 0-1

[Event "Lichtenberger Sommer"]
[Site "Berlin"]
[Date "2009.08.20"]
[Round "6.5"]
[White "Richter, Michael"]
[Black "Schäfer, Erik"]
[Result "0-1"]
[WhiteElo "2427"]
[BlackElo "2164"]
[PlyCount "98"]
[EventDate "2009.??.??"]
[WhiteTeam "Schachpinguine Berlin e.V."]
[BlackTeam "USV TU Dresden"]

1. d4 Nf6 2. c4 g6 3. Nc3 Bg7 4. e4 d6 5. Be2 O-O 6. Nf3 e5 7. O-O Nc6 8. d5
Ne7 9. Ne1 Nd7 10. Nd3 f5 11. Bd2 f4 12. Bg4 h5 13. Be6+ Kh7 14. Rc1 Rf6 15. f3
g5 16. b4 Rxe6 17. dxe6 Nf6 18. Nd5 Bxe6 19. Bc3 Nfxd5 20. cxd5 Bd7 21. Qc2 Rc8
22. Qf2 a6 23. Bb2 Ng6 24. Rc3 g4 25. fxg4 hxg4 26. g3 Bh6 27. Bc1 Bb5 28. gxf4
Bxd3 29. Rxd3 exf4 30. Bb2 Qe7 31. Qg2 Rg8 32. e5 f3 33. Qc2 dxe5 34. Rc3 Rg7
35. Bc1 Qxb4 36. Bxh6 Kxh6 37. Rc4 Qb6+ 38. Kh1 Nf4 39. Qf5 Nh3 40. Qe6+ Qxe6
41. dxe6 Kg5 42. Re1 Kf5 43. Re3 e4 44. a4 Re7 45. a5 Rxe6 46. Rxc7 Ng5 47. h4
gxh3 48. Rxb7 Kf4 49. Rbb3 f2 0-1

[Event "Lichtenberger Sommer"]
[Site "Berlin"]
[Date "2009.08.20"]
[Round "6.6"]
[White "Carlstedt, Jonathan"]
[Black "Kohler, Thomas"]
[Result "1/2-1/2"]
[WhiteElo "2309"]
[BlackElo "2241"]
[PlyCount "81"]
[EventDate "2009.??.??"]
[WhiteTeam "Hamburger SK von 1830 eV"]
[BlackTeam "SC Zitadelle Spandau 1977 e.V."]

1. c4 d6 2. g3 g6 3. Bg2 Bg7 4. Nc3 e5 5. d3 Nc6 6. Rb1 Be6 7. Nd5 Qc8 8. b4
Nce7 9. b5 c6 10. bxc6 bxc6 11. Qa4 Bd7 12. Nxe7 Nxe7 13. Qb4 c5 14. Qb7 Bc6
15. Bxc6+ Nxc6 16. Nf3 O-O 17. Ng5 Rb8 18. Qxc8 Rfxc8 19. Rxb8 Rxb8 20. Ne4 f5
21. Nc3 e4 22. Nd5 Rb1 23. O-O Ra1 24. Bf4 Rxa2 25. Bxd6 Rxe2 26. dxe4 Rxe4 27.
Rc1 Na5 28. Rb1 Rxc4 29. Rb8+ Kf7 30. Bc7 Ra4 31. Rd8 Nc4 32. Bb8 Bd4 33. Nf4
Ke7 34. Rc8 Ra1+ 35. Kg2 Ra2 36. Rc7+ Kf6 37. Rc6+ Kf7 38. Rc7+ Kf6 39. Rc6+
Ke7 40. Rc7+ Kf6 41. Rc6+ 1/2-1/2

[Event "Lichtenberger Sommer"]
[Site "Berlin"]
[Date "2009.08.20"]
[Round "6.7"]
[White "Friedrich, Wiede"]
[Black "Petersen, Soren Boeck"]
[Result "1/2-1/2"]
[WhiteElo "2087"]
[BlackElo "2263"]
[PlyCount "39"]
[EventDate "2009.??.??"]
[WhiteTeam "USV Potsdam e.V., Abt. Schach"]
[BlackTeam "Danmarks Radio Skakklub"]

1. e4 e6 2. d4 d5 3. Nc3 Bb4 4. e5 c5 5. a3 Bxc3+ 6. bxc3 Ne7 7. Qg4 Kf8 8. Bd3
Qa5 9. Bd2 Qa4 10. Ra2 b6 11. Nf3 Ba6 12. Ng5 Bxd3 13. cxd3 h6 14. Qh5 g6 15.
Qh4 Nbc6 16. Nxe6+ fxe6 17. Qf6+ Kg8 18. Qxe6+ Kg7 19. Qf6+ Kg8 20. Qe6+
1/2-1/2

[Event "Lichtenberger Sommer"]
[Site "Berlin"]
[Date "2009.08.20"]
[Round "6.8"]
[White "Syska, Albert"]
[Black "Keil, Uwe"]
[Result "1-0"]
[WhiteElo "2268"]
[BlackElo "2141"]
[PlyCount "81"]
[EventDate "2009.??.??"]
[WhiteTeam "SK 1879 HD-Handschuhsheim"]
[BlackTeam "SC Friesen Lichtenberg e.V."]

1. e4 e5 2. f4 d5 3. exd5 e4 4. d3 Nf6 5. dxe4 Nxe4 6. Nf3 Bc5 7. Qe2 Qe7 8.
Be3 Bb4+ 9. c3 Bd6 10. Nbd2 O-O 11. Nc4 Re8 12. O-O-O b5 13. Nxd6 cxd6 14. Re1
b4 15. c4 Ba6 16. Qc2 Nd7 17. Bd3 Ndf6 18. Bd4 Rac8 19. b3 Bb7 20. Bxf6 Qxf6
21. Bxe4 Qxf4+ 22. Kb1 g6 23. g3 Qg4 24. Nd2 f5 25. Bg2 a5 26. Qd3 a4 27. Nf3
Re4 28. Rxe4 fxe4 29. Qd4 axb3 30. axb3 Re8 31. Nd2 Qe2 32. Bxe4 Bc8 33. Bc2
Bd7 34. Ne4 Qf3 35. Re1 Re5 36. c5 Bf5 37. cxd6 Bxe4 38. Rxe4 Rxe4 39. Qxe4
Qf1+ 40. Kb2 Qf6+ 41. Ka2 1-0

[Event "Lichtenberger Sommer"]
[Site "Berlin"]
[Date "2009.08.20"]
[Round "6.9"]
[White "Giemsa, Stephan"]
[Black "Püschel, Werner"]
[Result "1-0"]
[WhiteElo "2301"]
[BlackElo "2167"]
[PlyCount "91"]
[EventDate "2009.??.??"]
[WhiteTeam "SK König Tegel 1949 e.V."]
[BlackTeam "SG Lasker Steglitz-Wilmersdorf"]

1. d4 Nf6 2. c4 c5 3. d5 e6 4. Nc3 exd5 5. cxd5 d6 6. e4 g6 7. Bd3 Bg7 8. h3
O-O 9. Nf3 a6 10. a4 Nbd7 11. O-O Qc7 12. Bf4 c4 13. Bc2 Rb8 14. Nd4 Re8 15.
Re1 Nh5 16. Be3 Nc5 17. g4 Nf6 18. f3 Bd7 19. Qd2 Rec8 20. Ra3 b5 21. axb5 axb5
22. Na2 Ra8 23. Rxa8 Rxa8 24. Nb4 Qa5 25. Ndc6 Qc7 26. e5 Ne8 27. f4 Nb7 28.
Qf2 dxe5 29. Bb6 Qd6 30. fxe5 Qf8 31. Rf1 Rc8 32. Ra1 Nc7 33. Be4 Bxc6 34. dxc6
Nd8 35. Bc5 Qe8 36. Re1 Nde6 37. Bd6 Ng5 38. Bg2 Nge6 39. Rf1 Ng5 40. h4 Nge6
41. Nd5 Nxd5 42. Bxd5 g5 43. Qf5 gxh4 44. Be4 Nf8 45. c7 Qe6 46. Bb7 1-0

[Event "Lichtenberger Sommer"]
[Site "Berlin"]
[Date "2009.08.20"]
[Round "6.10"]
[White "Badestein, Hartmut"]
[Black "Brüdigam, Martin"]
[Result "0-1"]
[WhiteElo "2182"]
[BlackElo "2249"]
[PlyCount "152"]
[EventDate "2009.??.??"]
[WhiteTeam "SC Friesen Lichtenberg e.V."]
[BlackTeam "USV Potsdam e.V., Abt. Schach"]

1. e4 e5 2. Nf3 Nc6 3. Bb5 a6 4. Ba4 Nf6 5. d3 d6 6. c3 b5 7. Bb3 Be7 8. O-O
O-O 9. Re1 Re8 10. Nbd2 Bf8 11. Nf1 g6 12. Ng3 Bg7 13. h3 Bb7 14. Bg5 h6 15.
Be3 d5 16. Qe2 Na5 17. Bc2 Qe7 18. b4 dxe4 19. dxe4 Nc4 20. Bc5 Nd6 21. a4 Bc6
22. axb5 Bxb5 23. Bd3 Qd7 24. Red1 Bf8 25. Bxb5 Qxb5 26. Qxb5 axb5 27. Rxa8
Rxa8 28. Nxe5 Re8 29. Bd4 Ndxe4 30. Nxe4 Nxe4 31. Re1 Nd6 32. Ra1 Bg7 33. Nf3
Ne4 34. Rc1 Rd8 35. Bxg7 Kxg7 36. c4 c6 37. c5 Kf6 38. Kf1 Rd3 39. Ke2 Rc3 40.
Rxc3 Nxc3+ 41. Ke3 Nd5+ 42. Ke4 Nxb4 43. Ne5 Ke6 44. f4 f5+ 45. Kd4 g5 46. g3
gxf4 47. gxf4 Nd5 48. Nxc6 Nxf4 49. Na7 b4 50. Kc4 Nd5 51. Nb5 f4 52. Nd4+ Ke5
53. Nf3+ Ke4 54. Nd2+ Ke3 55. Kxd5 Kxd2 56. c6 b3 57. c7 b2 58. c8=Q b1=Q 59.
Qf8 Qd3+ 60. Kc6 Qe4+ 61. Kc7 Qe5+ 62. Kd7 Qd4+ 63. Kc7 h5 64. Qf5 Qc3+ 65. Kb6
Qe3+ 66. Kb7 Ke2 67. Qc2+ Kf1 68. Qh2 Qg3 69. Qh1+ Kf2 70. Qe4 f3 71. Kb6 Kg1
72. Qb1+ Kh2 73. Ka5 f2 74. Qf5 Kg2 75. Qe4+ Qf3 76. Qg6+ Kh1 0-1

[Event "Lichtenberger Sommer"]
[Site "Berlin"]
[Date "2009.08.20"]
[Round "6.11"]
[White "Meister, Jakob"]
[Black "Rozov, Boris"]
[Result "1-0"]
[WhiteElo "2484"]
[BlackElo "2138"]
[PlyCount "95"]
[EventDate "2009.??.??"]
[WhiteTeam "SK Zehlendorf e.V."]
[BlackTeam "vereinslos"]

1. e4 c6 2. d4 d5 3. exd5 cxd5 4. Bf4 Nc6 5. Nc3 a6 6. Qd2 Bf5 7. Nf3 e6 8. Ne5
Bb4 9. Nxc6 bxc6 10. a3 Ba5 11. b4 Bc7 12. Na4 Ne7 13. Bxc7 Qxc7 14. Be2 a5 15.
b5 cxb5 16. Bxb5+ Nc6 17. Qc3 Rc8 18. Qc5 Kd8 19. Bxc6 Qxc6 20. Qxa5+ Ke7 21.
O-O Qxc2 22. Nc5 g5 23. a4 Kf6 24. Qe1 Kg6 25. Qe3 h6 26. f3 Kh7 27. Rf2 Qc4
28. g4 Bg6 29. f4 gxf4 30. Rxf4 e5 31. Qxe5 Rhe8 32. Qd6 Re2 33. Raf1 Qc2 34.
Rxf7+ Bxf7 35. Rxf7+ Kg8 36. Rf6 Rg2+ 37. Kh1 Rf2 38. Rxf2 Qxf2 39. Qg6+ Kh8
40. Qxh6+ Kg8 41. Qg5+ Kh8 42. Qe5+ Kg8 43. Qxd5+ Kh8 44. Qe5+ Kg8 45. Qe6+ Kg7
46. Qd7+ Kh6 47. g5+ Kg6 48. Qe6+ 1-0

[Event "Lichtenberger Sommer"]
[Site "Berlin"]
[Date "2009.08.20"]
[Round "6.12"]
[White "Hertwig, Christopher"]
[Black "Muse, Drazen"]
[Result "0-1"]
[WhiteElo "2063"]
[BlackElo "2374"]
[PlyCount "68"]
[EventDate "2009.??.??"]
[WhiteTeam "SK König Tegel 1949 e.V."]
[BlackTeam "SK König Tegel 1949 e.V."]

1. e4 g6 2. c4 Bg7 3. d4 d6 4. Be2 e5 5. Nf3 exd4 6. Nxd4 Nc6 7. Be3 Nge7 8.
Nc3 O-O 9. h4 f5 10. Qd2 Be5 11. h5 f4 12. Nxc6 Nxc6 13. Qd5+ Kg7 14. Bc1 Nd4
15. Qa5 Nc2+ 16. Kd1 Nxa1 17. g3 g5 18. gxf4 gxf4 19. Nd5 b6 20. Qa3 a5 21. Qf3
c6 22. Nxf4 Qf6 23. Qg2+ Kh8 24. Ng6+ hxg6 25. Bg5 Qxf2 26. hxg6+ Kg8 27. Qxf2
Rxf2 28. c5 Rxe2 29. Kxe2 Nc2 30. cxd6 Nd4+ 31. Ke3 Nb5 32. Be7 Nxd6 33. Rh5
Nc4+ 34. Ke2 Bg4+ 0-1

[Event "Lichtenberger Sommer"]
[Site "Berlin"]
[Date "2009.08.20"]
[Round "6.13"]
[White "Bach, Matthias"]
[Black "Kornrumpf, Joachim"]
[Result "1-0"]
[WhiteElo "2307"]
[BlackElo "2119"]
[PlyCount "119"]
[EventDate "2009.??.??"]
[WhiteTeam "Hamburger SK von 1830 eV"]
[BlackTeam "Preetzer TSV"]

1. d4 Nf6 2. c4 e6 3. g3 Bb4+ 4. Bd2 Be7 5. Bg2 d5 6. Nf3 O-O 7. Qc2 Nbd7 8.
O-O c6 9. Bf4 Re8 10. Nbd2 Nf8 11. Ne5 N6d7 12. Nd3 Ng6 13. Nf3 Nxf4 14. gxf4
Nf8 15. Kh1 Ng6 16. e3 Bd7 17. Rg1 Rc8 18. c5 b6 19. b4 bxc5 20. Nxc5 Rb8 21.
a3 Bxc5 22. Qxc5 a5 23. Rgb1 Rb5 24. Qd6 axb4 25. axb4 Qe7 26. Qxe7 Rxe7 27.
Ra8+ Re8 28. Ra7 Rd8 29. Ne1 Ne7 30. Nd3 Nc8 31. Rc7 Be8 32. Ne5 Rb6 33. Bh3
Nd6 34. Rc1 Nb5 35. Nxc6 Bxc6 36. R7xc6 Rxc6 37. Rxc6 Na3 38. f5 exf5 39. Bxf5
g6 40. Rc8 Rxc8 41. Bxc8 Nc4 42. Bb7 Nb6 43. Kg2 Kf8 44. Kg3 Ke7 45. Kf4 f6 46.
f3 Ke6 47. e4 dxe4 48. fxe4 Na4 49. Ba6 Nb6 50. Bd3 Ke7 51. Bc2 f5 52. exf5
Nd5+ 53. Ke5 Nxb4 54. f6+ Kf7 55. Be4 Kf8 56. d5 Na6 57. d6 Nc5 58. Bc6 Nd3+
59. Kd4 Nf4 60. Bd5 1-0

[Event "Lichtenberger Sommer"]
[Site "Berlin"]
[Date "2009.08.20"]
[Round "6.14"]
[White "Zschäbitz, Klaus"]
[Black "Vogel, Robert"]
[Result "1/2-1/2"]
[WhiteElo "2101"]
[BlackElo "2318"]
[PlyCount "172"]
[EventDate "2009.??.??"]
[WhiteTeam "BSG 1827 Eckbauer e.V."]
[BlackTeam "SGem Pang/Rosenheim"]

1. Nf3 Nf6 2. g3 g6 3. Bg2 Bg7 4. c4 O-O 5. Nc3 d6 6. O-O Nc6 7. d3 Nh5 8. Rb1
f5 9. Bd2 a5 10. a3 f4 11. b4 axb4 12. axb4 Bg4 13. Nd5 e5 14. b5 Ne7 15. b6
Nxd5 16. cxd5 cxb6 17. Qb3 Ra6 18. Rfc1 h6 19. Rc4 Nf6 20. Rb4 Nd7 21. Qd1 g5
22. Bc3 Ra2 23. Nd2 Qa8 24. h3 Bh5 25. g4 Bf7 26. Nc4 Rc8 27. Rxb6 Nxb6 28.
Nxb6 Qb8 29. Nxc8 Qxc8 30. Qb3 Ra7 31. Be1 Bf8 32. Be4 Qc5 33. Kg2 Be7 34. Qc4
Kf8 35. Rb5 Qxc4 36. dxc4 Ke8 37. Bb4 Kd8 38. Ra5 Ra6 39. Rxa6 bxa6 40. Ba5+
Ke8 41. Bc2 Bd8 42. Bb4 Ke7 43. Ba4 Bb6 44. Kf1 a5 45. Bc3 Be8 46. Bxe8 Kxe8
47. Ke1 Kd7 48. f3 Kc7 49. Kd1 Kb7 50. Kc2 Ka6 51. Kb3 Bc5 52. Ka4 Bb6 53. Bd2
Bd8 54. e3 fxe3 55. Bxe3 Bb6 56. Bd2 Bc7 57. Be1 Bd8 58. Bf2 Bb6 59. Bg3 Be3
60. Be1 Bb6 61. h4 Bc7 62. hxg5 hxg5 63. Bd2 Bd8 64. Be3 Be7 65. Bf2 Bd8 66. c5
Bc7 67. Be3 dxc5 68. Bxc5 Bd8 69. Bd6 Kb6 70. Bxe5 Kc5 71. d6 Kd5 72. Bg3 Kc6
73. Bh2 Kc5 74. Kb3 Kd5 75. Bg3 Kc5 76. Bh2 Kd5 77. Kc3 Kc5 78. Bg3 Kd5 79. Kd3
Bb6 80. f4 Kxd6 81. f5+ Kd5 82. Be1 Bc7 83. Bc3 Bd8 84. Bg7 a4 85. Bf8 Bf6 86.
Bb4 Bd8 1/2-1/2

[Event "Lichtenberger Sommer"]
[Site "Berlin"]
[Date "2009.08.20"]
[Round "6.15"]
[White "Solonar, Stefan"]
[Black "Albrecht, Rainer"]
[Result "1-0"]
[WhiteElo "2364"]
[BlackElo "2141"]
[PlyCount "61"]
[EventDate "2009.??.??"]
[WhiteTeam "SC Heusenstamm"]
[BlackTeam "SC Kreuzberg e.V."]

1. c4 f5 2. d4 Nf6 3. g3 e6 4. Bg2 Be7 5. Nf3 O-O 6. Nc3 Ne4 7. O-O d6 8. Nxe4
fxe4 9. Ne1 d5 10. Bf4 Nc6 11. Nc2 Bf6 12. Qd2 b6 13. Rac1 Bb7 14. Rfd1 Qe7 15.
cxd5 exd5 16. b4 a6 17. Ne3 Rad8 18. Ng4 Bxd4 19. Rxc6 Bxc6 20. Qxd4 Bb5 21.
Rc1 Rxf4 22. gxf4 Bxe2 23. Ne3 Bf3 24. Nf5 Qf7 25. Bxf3 exf3 26. Ne3 Rd6 27. f5
c6 28. Qxb6 Qe7 29. Rxc6 d4 30. Rxd6 dxe3 31. Qd8+ 1-0

[Event "Lichtenberger Sommer"]
[Site "Berlin"]
[Date "2009.08.20"]
[Round "6.16"]
[White "Plump, Detlef"]
[Black "Heuser, Philip"]
[Result "1/2-1/2"]
[WhiteElo "2256"]
[BlackElo "2081"]
[PlyCount "93"]
[EventDate "2009.??.??"]
[WhiteTeam "Chessclub York"]
[BlackTeam "SG Heidelberg-Kirchheim"]

1. e4 c6 2. d4 d5 3. Nc3 dxe4 4. Nxe4 Nd7 5. Nf3 Ngf6 6. Nxf6+ Nxf6 7. g3 Bg4
8. Bg2 e6 9. O-O Bd6 10. b3 O-O 11. Bb2 Qc7 12. c4 Rad8 13. Qe2 Rfe8 14. Rfe1
c5 15. Qe3 b6 16. Ne5 cxd4 17. Bxd4 Bc5 18. Bxc5 Qxc5 19. Qxc5 bxc5 20. h3 Bh5
21. g4 Bg6 22. Nc6 Rd7 23. Rad1 Rc7 24. Rd6 Bc2 25. Re5 Bb1 26. Rd2 Rf8 27. Re1
Bg6 28. Rd6 Bc2 29. f4 h6 30. Bf3 Rfc8 31. Ne5 g5 32. fxg5 hxg5 33. Bg2 Ne8 34.
Rd2 Bh7 35. Nf3 f6 36. Rxe6 Kf7 37. Re1 Ng7 38. Red1 Ne6 39. Rd7+ Ke8 40. R7d6
Ke7 41. Ra6 Nf4 42. Bf1 Bc2 43. Rdd6 Be4 44. Kf2 Bb7 45. Rxf6 Bxa6 46. Rxa6 Rf8
47. Kg3 1/2-1/2

[Event "Lichtenberger Sommer"]
[Site "Berlin"]
[Date "2009.08.20"]
[Round "6.17"]
[White "Schindler, Samuel"]
[Black "Costello, Colin"]
[Result "1/2-1/2"]
[WhiteElo "2260"]
[BlackElo "2038"]
[PlyCount "56"]
[EventDate "2009.??.??"]
[WhiteTeam "SC Pfullendorf"]
[BlackTeam "SC Weisse Dame e.V."]

1. d4 d5 2. Bf4 Nf6 3. e3 e6 4. Nf3 c5 5. c3 Nc6 6. Nbd2 Bd6 7. Bg3 O-O 8. Bd3
cxd4 9. exd4 e5 10. dxe5 Re8 11. O-O Nxe5 12. Nxe5 Bxe5 13. Bxe5 Rxe5 14. h3 b6
15. Nf3 Re8 16. Qa4 Bb7 17. Rad1 Qc7 18. Nd4 Qf4 19. Qa3 Ne4 20. Ba6 Bxa6 21.
Qxa6 Nc5 22. Qb5 Qe4 23. Nf3 Qc4 24. Qc6 Qxa2 25. Rfe1 Red8 26. Re5 Qa4 27.
Qxa4 Nxa4 28. Re2 Kf8 1/2-1/2

[Event "Lichtenberger Sommer"]
[Site "Berlin"]
[Date "2009.08.20"]
[Round "6.19"]
[White "Escher, Clemens"]
[Black "Kayser, Stefan"]
[Result "1-0"]
[WhiteElo "2193"]
[BlackElo "1964"]
[PlyCount "99"]
[EventDate "2009.??.??"]
[WhiteTeam "SK König Tegel 1949 e.V."]
[BlackTeam "Schachclub Oranienburg e.V."]

1. d4 d5 2. c4 e6 3. Nc3 Nf6 4. cxd5 exd5 5. Bg5 Be7 6. e3 c6 7. Qc2 Nbd7 8.
Bd3 O-O 9. Nge2 Re8 10. O-O Nf8 11. f3 c5 12. Bxf6 Bxf6 13. dxc5 Rxe3 14. Rad1
Re5 15. Be4 dxe4 16. Rxd8 Bxd8 17. Nxe4 Bf5 18. N2g3 Rc8 19. Nxf5 Rxf5 20. b4
Rd5 21. Rd1 Rxd1+ 22. Qxd1 Be7 23. Qd5 Rc7 24. Nd6 Bxd6 25. Qxd6 Rd7 26. Qb8 a6
27. a4 g6 28. b5 axb5 29. axb5 Kg7 30. c6 bxc6 31. bxc6 Rd1+ 32. Kf2 Ne6 33. c7
Nxc7 34. Qxc7 Rd5 35. Ke3 h5 36. Ke4 Rf5 37. g3 Rb5 38. Qc4 Rb8 39. Qd4+ Kh7
40. h3 Re8+ 41. Kf4 Re6 42. Kg5 Rc6 43. g4 hxg4 44. hxg4 Re6 45. f4 Ra6 46. f5
gxf5 47. gxf5 Rc6 48. Qd7 Rh6 49. Qxf7+ Kh8 50. Qf8+ 1-0

[Event "Lichtenberger Sommer"]
[Site "Berlin"]
[Date "2009.08.20"]
[Round "6.20"]
[White "Bendfeldt, Tim"]
[Black "Schatz, Dieter"]
[Result "0-1"]
[WhiteElo "2064"]
[BlackElo "2203"]
[PlyCount "80"]
[EventDate "2009.??.??"]
[WhiteTeam "Kieler SG von 1884 / Meerbauer"]
[BlackTeam "SK Landau"]

1. d4 d5 2. c4 Nc6 3. cxd5 Qxd5 4. e3 e5 5. Nc3 Bb4 6. Bd2 Bxc3 7. Bxc3 e4 8.
Ne2 Nf6 9. Nf4 Qd6 10. Bc4 O-O 11. Qb3 a5 12. a3 Rb8 13. d5 Ne5 14. Bxa5 Qc5
15. Qc3 Nxc4 16. Bb4 Qb5 17. a4 Qa6 18. Bxf8 Kxf8 19. O-O Bd7 20. b4 Nd6 21.
Rfb1 Nde8 22. b5 Qd6 23. Rd1 g5 24. Ne2 h5 25. f3 exf3 26. gxf3 g4 27. e4 gxf3
28. Qxf3 Bg4 29. Qg2 Qe5 30. Re1 Qxe4 31. Qxe4 Nxe4 32. Nf4 N4d6 33. Kg2 h4 34.
Rf1 Kg7 35. Rg1 Kh6 36. Nd3 Nf6 37. Ne5 Bf5 38. Raf1 Rf8 39. Rf4 Rg8+ 40. Kf2
Nfe4+ 0-1